Ordenación del territorio (Record no. 110237)

MARC details
000 -LEADER
campo de control de longitud fija 00631nam a2200181 4500
001 - NÚMERO DE CONTROL
campo de control 110237
003 - IDENTIFICADOR DE NÚMERO DE CONTROL
campo de control ES-MaACL
007 - CAMPO FIJO DE DESCRIPCIÓN FÍSICA--INFORMACIÓN GENERAL
campo de control de longitud fija t|
008 - DATOS DE LONGITUD FIJA--INFORMACIÓN GENERAL
campo de control de longitud fija 061121s1982 sp r ||||1| spa d
245 00 - MENCIÓN DEL TÍTULO
Título Ordenación del territorio
Resto del título : camping-caravaning en el derecho comparado.
260 ## - PUBLICACIÓN, DISTRIBUCIÓN, ETC.
Lugar de publicación, distribución, etc. Madrid :
Nombre del editor, distribuidor, etc. Centro de Estudios de Ordenación del Territorio y Medio Ambiente,
Fecha de publicación, distribución, etc. 1982.
300 ## - DESCRIPCIÓN FÍSICA
Extensión 170 p. ;
Dimensiones 30 cm.
490 1# - MENCIÓN DE SERIE
Mención de serie Serie Normativa
710 2# - ENTRADA AGREGADA--NOMBRE DE ENTIDAD CORPORATIVA
Nombre de entidad corporativa o nombre de jurisdicción como elemento de entrada Centro de Estudios de Ordenación del Territorio y Medio Ambiente (Madrid)
9 (RLIN) 2623
830 0# - PUNTO DE ACCESO ADICIONAL DE SERIE-TÍTULO UNIFORME
Título uniforme Serie Normativa
9 (RLIN) 185616
852 ## - LOCALIZACIÓN
Ubicación ES-MaACL
Número de control de estantería L-6067
Sublocalización o colección R.106452
Holdings
Estatus retirado Estado de pérdida Estado de daño No para préstamo Biblioteca de origen Biblioteca actual Ubicación en estantería Fecha de adquisición Fuente de adquisición Total de préstamos Signatura topográfica completa Código de barras Visto por última vez Precio de reemplazo Tipo de ítem Koha
        Biblioteca del Ateneo de Madrid Biblioteca del Ateneo de Madrid Depósito 2 17/01/2008     L-6067 1115009 23/02/2023 23/02/2023 Libro impreso